| 000 | 00000nam 2200000za 4500 |
| 001 | 9.602384 |
| 003 | CaOODSP |
| 005 | 20210624210540 |
| 007 | cr ||||||||||| |
| 008 | 150406|1996||||xxc|||||o f|0| 0 fre d |
| 040 | |aCaOODSP|bfre |
| 043 | |an-cn--- |
| 086 | 1 |aC21-25/3-1996F-PDF |
| 110 | 1 |aCanada. |bIndustrie Canada. |bDirection générale de l'analyse de la politique micro-économique. |
| 245 | 13|aLa régie des sociétés au Canada et les choix sur le plan des politiques |h[ressource électronique] / |cpar Ronald J. Daniels et Randall Morck. |
| 260 | |aOttawa : |bIndustrie Canada, |cMars 1996. |
| 300 | |a73 p. |
| 490 | 1 |aDocument de discussion ; |vN° 3 |
| 504 | |aBibliographie. |
| 520 | 3 |aDans ce document, nous examinons la prise de décisions dans les entreprises au Canada en tentant de préciser les facteurs qui ont parfois donné lieu à une régie d'entreprise moins qu'optimale.--Page 1 |
| 590 | |a11-25-Supp|b2011-10-31 |
| 720 | 1 |aMorck, Randall |
| 720 | 1 |aDaniels, Ronald J. |
| 775 | 08|tCanadian corporate governance policy options |w(CaOODSP)9.571964 |
| 776 | 0#|tCanadian corporate governance policy options / |w(CaOODSP)9.527142 |
| 776 | 0#|tLa régie des sociétés au Canada et les choix sur le plan des politiques / |w(CaOODSP)9.527143 |
| 830 | #0|aDocument de discussion (Canada. Industrie Canada : En ligne)|vN° 3|w(CaOODSP)9.500838 |
| 856 | 40|ahttp://publications.gc.ca|qPDF|s371 Ko|uhttps://publications.gc.ca/collections/Collection/C21-25-3-1996F.pdf|yN° 3 |